ბათუმის შოთა რუსთაველის სახელმწიფო უნივერსიტეტის ბიბლიოთეკა

საქართველოს უძველესი და ძველი ისტორიის ნარკვევები : (ბიბ.ჩანაწერი № 59962)

000 -ლიდერი
ფიქსირებული სიგრძის საკონტროლო ველი 01572nam a22002297a 4500
003 - საკონტროლო ნომრის იდენტიფიკატორი
საკონტროლო ველი Ge_BSU
005 - ბოლო ოპერაციის თარიღი და დრო
საკონტროლო ველი 20230524155032.0
008 - ფიქსირებული სიგრძის მონაცემთა ელემენტები - ზოგადი ინფორმაცია
ფიქსირებული სიგრძის საკონტროლო ველი 230524s2017 ge ||||| |||| 00| 0 geo d
020 ## - წიგნის საერთაშორისო სტანდარტული ნომერი
International Standard Book Number 9789941253485
041 ## - ენის კოდი
Language code of text/sound track or separate title geo
080 ## - უნივერსალური ათობითი კლასიფიკაციის ინდექსი
Universal Decimal Classification number 94(479.22) დ-91
100 ## - მთავარი ჩანაწერი - პიროვნების სახელი
Personal name დუნდუა, თედო
9 (RLIN) 3483
245 ## - ცნობა სათაურის შესახებ
Title საქართველოს უძველესი და ძველი ისტორიის ნარკვევები :
Remainder of title [მონოგრაფია] /
Statement of responsibility, etc თედო დუნდუა; ივანე ჯავახიშვილის სახ. თბილისის სახელმწ. უნ-ტი; ჰუმანიტარულ მეცნიერებათა ფაკ-ტი, საქ. ისტორიის ინ-ტი.
264 ## - წარმოების, გამოცემის, დისტრიბუციის და სხვა ცნობები
გამოცემის, წარმოების, დისტრიბუციის... ადგილი თბილისი :
გამოცემის, წარმოების, დისტრიბუციის... სახელწოდება მერიდიანი,
გამოცემის, წარმოების, დისტრიბუციის... თარიღი 2017.
300 ## - ფიზიკური აღწერა
Extent 308 გვ. :
Other physical details სურ., ტაბ. ;
Dimensions 24 სმ.
504 ## - BIBLIOGRAPHY, ETC. NOTE
Bibliography, etc ბიბლიოგრ. ტექსტის შენიშვნებში.
520 ## - SUMMARY, ETC.
Summary, etc რეზიუმე ინგლ. ენაზე.
653 ## - INDEX TERM--UNCONTROLLED
Uncontrolled term კოლხეთის ისტორია
653 ## - INDEX TERM--UNCONTROLLED
Uncontrolled term საქართველოს ახალი ისტორია
710 ## - ADDED ENTRY--CORPORATE NAME
Corporate name or jurisdiction name as entry element ივანე ჯავახიშვილის სახ. თბილისის სახელმწ. უნ-ტი.
Subordinate unit ჰუმანიტარულ მეცნიერებათა ფაკ-ტი. საქ. ისტორიის ინ-ტი.
9 (RLIN) 18199
942 ## - ADDED ENTRY ELEMENTS (KOHA)
Source of classification or shelving scheme
Koha item type წიგნი
ეგზემპლარები
ჩამოწერის სტატუსი დაკარგული ეგზემპლარის სტატუსი კლასიფიკაციის წყარო ან თაროზე გაწყობის სქემა დაზიანების სტატუსი არ გაიცემა მუდმივი მდებარეობა (დაცვის ადგილი) ამჟამინდელი ადგილსამყოფელი თაროზე განთავსების ადგილი შეძენის თარიღი ღირებულება, შესყიდვის ნორმალური ფასი სრული შენახვის შიფრი შტრიხკოდი ბოლო ოპერაციის თარიღი ეგზემპლარის მიმდევრობითი ნომერი (კეტერი?) Uniform Resource Identifier ფასის ძალაში შესვლის თარიღი ეგზემპლარის სახეობა საჯარო შენიშვნა
          ბათუმის შოთა რუსთაველის სახელმწიფო უნივერსიტეტის მთავარი ბიბლიოთეკა ბათუმის შოთა რუსთაველის სახელმწიფო უნივერსიტეტის მთავარი ბიბლიოთეკა წიგნსაცავი 2023-05-24 10.00 94(479.22) დ-91 64459 2023-05-24 64459 ბსუ-ს საპატიო დოქტორის გურამ ლორთქიფანიძის საჩუქარი 2023-05-24 წიგნი 10 ლ.
          ბათუმის შოთა რუსთაველის სახელმწიფო უნივერსიტეტის მთავარი ბიბლიოთეკა ბათუმის შოთა რუსთაველის სახელმწიფო უნივერსიტეტის მთავარი ბიბლიოთეკა წიგნსაცავი 2023-06-14 10.00 94(479.22) დ-91 64657 2023-06-14 64657 ბსუ-ს საპატიო დოქტორის გურამ ლორთქიფანიძის საჩუქარი 2023-06-14 წიგნი 10.00